Nuno Espírito Santo's Wolverhampton - Statistics

General Stats
  • This quiz has been taken 9 times
  • The average score is 26 of 66
Answer Stats
Rank Player Position Nationality Matches Goals Assists % Correct
8 Adama Traoré Right Winger 131 10 18
100%
1 Conor Coady Centre-Back 191 2 2
100%
7 Diogo Jota Left Winger 131 44 20
100%
5 João Moutinho Central Midfield 137 3 22
100%
10 Leander Dendoncker Defensive Midfield 120 9 0
100%
4 Matt Doherty Right-Back 142 19 17
100%
11 Raúl Jiménez Centre-Forward 110 48 17
100%
3 Romain Saïss Centre-Back 149 12 1
100%
2 Rúben Neves Defensive Midfield 176 20 10
100%
9 Rui Patrício Goalkeeper 127 0 0
100%
6 Willy Boly Centre-Back 136 9 4
100%
29 Rayan Aït-Nouri Left-Back 24 1 1
71%
22 Daniel Podence Left Winger 38 4 5
57%
18 Hélder Costa Right Winger 69 7 8
57%
12 Jonny Otto Right-Back 95 3 4
57%
35 Ki-Jana Hoever Right-Back 15 0 0
57%
26 Maximilian Kilman Centre-Back 32 0 2
57%
16 Morgan Gibbs-White Attacking Midfield 75 2 1
57%
25 Nélson Semedo Right-Back 35 1 1
57%
14 Pedro Neto Right Winger 79 10 11
57%
24 Fábio Silva Centre-Forward 36 4 4
43%
19 John Ruddy Goalkeeper 66 0 1
43%
30 Vitinha Central Midfield 22 1 1
43%
23 Alfred N'Diaye Defensive Midfield 37 3 2
29%
21 Barry Douglas Left-Back 42 5 15
29%
34 Benik Afobe Centre-Forward 16 6 0
29%
37 Ben Marshall Right Midfield 9 0 1
29%
46 Bruno Jordão Defensive Midfield 4 1 0
29%
56 Chem Campbell Attacking Midfield 1 0 0
29%
31 Danny Batth Centre-Back 21 2 0
29%
49 David Edwards Central Midfield 3 0 0
29%
54 Donovan Wilson Centre-Forward 2 1 0
29%
15 Ivan Cavaleiro Left Winger 75 14 15
29%
40 Jesús Vallejo Centre-Back 7 0 0
29%
20 Léo Bonatini Centre-Forward 56 13 7
29%
42 Nouha Dicko Centre-Forward 7 2 0
29%
45 Oskar Buur Right-Back 6 1 1
29%
27 Patrick Cutrone Centre-Forward 28 3 4
29%
65 Pedro Gonçalves Left Winger 1 0 0
29%
13 Ryan Bennett Centre-Back 92 3 1
29%
33 Willian José Centre-Forward 18 1 1
29%
48 Benny Ashley-Seal Centre-Forward 4 0 0
14%
28 Bright Enobakhare Centre-Forward 26 2 1
14%
43 Connor Ronan Central Midfield 7 0 0
14%
55 Dion Sanderson Centre-Back 1 0 0
14%
58 Elliot Watt Defensive Midfield 1 0 0
14%
63 Flávio Cristóvão Defensive Midfield 1 0 0
14%
59 Harry Burgoyne Goalkeeper 1 0 0
14%
38 Jack Price Central Midfield 9 0 0
14%
50 Jordan Graham Right Winger 3 0 1
14%
44 Kortney Hause Centre-Back 6 0 0
14%
64 Luke Cundle Central Midfield 1 0 0
14%
36 Marçal Left-Back 13 0 0
14%
61 Meritan Shabani Attacking Midfield 1 0 0
14%
53 Michal Zyro Centre-Forward 2 0 1
14%
60 Niall Ennis Centre-Forward 1 0 0
14%
41 Owen Otasowie Defensive Midfield 7 0 1
14%
47 Rafa Mir Centre-Forward 4 0 0
14%
32 Roderick Miranda Centre-Back 19 0 0
14%
17 Rúben Vinagre Left-Back 70 3 2
14%
57 Ryan Giles Left-Back 1 0 0
14%
51 Sylvain Deslandes Centre-Back 3 0 0
14%
52 Taylor Perry Central Midfield 3 0 1
14%
66 Terry Taylor Defensive Midfield 1 0 0
14%
62 Theo Corbeanu Right Winger 1 0 0
14%
39 Will Norris Goalkeeper 8 0 0
14%
No matching quizzes found
Score Distribution
Percent of People with Each Score
Percentile by Number Answered
Your Score History
You have not taken this quiz